000 00610nam a2200193Ia 4500
003 OSt
005 20251117110525.0
008 210210b2008 xxu||||| |||| 00| 0 eng d
040 _cAL
041 _akan
082 _aK894.301 PRAK
100 _aPRAHLADA AGASANAKATTE
_9166440
_dಪ್ರಹ್ಲಾದ ಅಗಸನಕಟ್ಟೆ
245 _aKayakke nelalagi Sanna kategalu:
_bಕಾಯಕ್ಕೆ ನೆಳಲಾಗಿ ಸಣ್ಣ ಕತೆಗಳು
260 _aHubballi
_bSahitya Prakashana
_c2008
300 _a163
690 _aKannada Fiction
_9166441
906 _a063178
942 _2ddc
_cBK
999 _c134670
_d134670